Hostage to history : Cyprus from the ottomans to kissinger

Αποθηκεύτηκε σε:
Λεπτομέρειες βιβλιογραφικής εγγραφής
Κύριος συγγραφέας: Hitchens, Christopher
Μορφή: Βιβλίο
Γλώσσα:English
Δημοσίευση: London : Verso, c1997
Θέματα:
Ετικέτες: Προσθήκη ετικέτας
Δεν υπάρχουν, Καταχωρήστε ετικέτα πρώτοι!

MARC

LEADER 00000nam a2200000 i 4500
001 1/55587
008 981022s1997 eng d
020 |a 1-85984-189-9 
035 |l 10045326 
040 |a GR-MY-UA  |b gre  |e aacr 
041 0 |a eng 
082 0 |a 956.45 
100 1 |a Hitchens, Christopher. 
245 1 0 |a Hostage to history :  |b Cyprus from the ottomans to kissinger /  |c Christopher Hitchens 
260 |a London :   |b Verso,   |c c1997 
300 |a 178 p.;  |c 24 cm. 
500 |a Includes bibliography and index 
500 |a With a new afterword by the author 
651 0 |a Cyprus  |x History. 
852 |a INST  |b SAMOS  |e 19981022  |h 956.45 HIT  |p 005300013969  |q 005300013969  |t BK  |y 0 
901 |a BIBL-1998-3 
909 |a Σ  |b 057725 
922 |a 3ΕΛΗ  |b 199810  |c ΔΩΡ